Sports Quiz

Random Sports Quiz
Score 0/27 Timer 06:00
0 Plays Today
HRs Players % Correct
435Alex Rodriguez
98.2%
348Manny Ramirez
94.2%
258Aramis Ramirez
94%
366Albert Pujols
93.6%
317Barry Bonds
93.4%
368Jim Thome
89.3%
307David Ortiz
88.7%
273Sammy Sosa
83.2%
308Andruw Jones
81.6%
273Chipper Jones
81.6%
291Carlos Lee
79.4%
270Derrek Lee
79.4%
324Carlos Delgado
76.5%
315Vladimir Guerrero
76.1%
HRs Players % Correct
309Lance Berkman
75.4%
303Jason Giambi
75.2%
260Todd Helton
73.2%
316Adam Dunn
72.1%
251Carlos Beltran
70.3%
273Gary Sheffield
63.4%
289Alfonso Soriano
61.6%
295Paul Konerko
60.3%
274Jermaine Dye
57%
261Jim Edmonds
46.3%
274Troy Glaus
42.3%
264Richie Sexson
38.6%
265Pat Burrell
28.8%

You're not logged in!

Compare scores with friends on all Sporcle quizzes.
OR
Log In

Sporcle TV

Today on Sporcle TV


Watch our educational content, quiz creation guides, and fun videos on Sporcle TV.

Show Comments

Extras

Created Sep 24, 2009SourceReportNominate
Tags:2000, HR Leaders, hrs, Player

Top Quizzes Today


Score Distribution

Paid Content

Your Account Isn't Verified!

In order to create a playlist on Sporcle, you need to verify the email address you used during registration. Go to your Sporcle Settings to finish the process.

Report this User

Report this user for behavior that violates our Community Guidelines.

Details: